Statistics for Top 10 biggest countries

Click here to take the quiz!

General Stats

  • This quiz has been taken 118 times
  • The average score is 9 of 10

Answer Stats

Answer% Correct
Russia
100%
United States
98%
Brazil
97%
Canada
97%
China
95%
Australia
93%
India
89%
Argentina
82%
Kazakhstan
61%
Sudan
47%

Score Distribution

Percentile by Number Answered

Percent of People with Each Score

Your Score History

You have not taken this quiz